Quick Pick: Real Christmas Songs Quiz Stats

 Plays Quiz Updated Dec 22, 2018

Support Sporcle.
Go Orange.
Score 0/10 Timer 00:30
1 Play Today
% Correct
Jingle Bells
97.1%
Rudolph the Red-Nosed Reindeer
96.3%
Joy to the World
95.5%
Silent Night
95.3%
Rockin' Around the Christmas Tree
94.1%
We Three Kings
89.5%
We Wish You a Merry Christmas
87.8%
White Christmas
82.3%
Angels We Have Heard on High
79.4%
O Tannenbaum
77.8%

Today's Daily Dose

From the Vault

Sorting Out the Bugs

by Ellix

Science 5m
Most of what we learned about diseases came from playing Oregon Trail as a child.
Remove Ads.
Support Sporcle.
Get the best of Sporcle when you Go Orange. This ad-free experience offers more features, more stats, and more fun while also helping to support Sporcle. Thank you for becoming a member.

Show Comments

Extras

Top Quizzes Today


Score Distribution

Your Account Isn't Verified!

In order to create a playlist on Sporcle, you need to verify the email address you used during registration. Go to your Sporcle Settings to finish the process.

Report this User

Report this user for behavior that violates our Community Guidelines.

Details: